La reconstrucción de la filosofía /
Escrito al terminar la Primera Guerra Mundial, John Dewey se plantea en este libro reconstruir la filosofía puesto que los problemas filosóficos van de la mano con los cambios sociales. Para ello, dice, es necesario quitarle los prejuicios metafísicos y epistemológicos que la falsean, desde una post...
Zapisane w:
| 1. autor: | |
|---|---|
| Format: | Książka |
| Język: | hiszpański |
| Wydane: |
Barcelona, España :
Planeta DeAgostini,
1993, c1993
|
| Seria: | (Obras Maestras del Pensamiento Contemporáneo ;
49) |
| Hasła przedmiotowe: | |
| Etykiety: |
Nie ma etykietki, Dołącz pierwszą etykiete!
|
MARC
| LEADER | 00000nam^a2200000^a^4500 | ||
|---|---|---|---|
| 001 | 000393809 | ||
| 005 | 20250521000000.0 | ||
| 009 | 20260310121318.277 | ||
| 020 | |a 84-395-2217-7 | ||
| 025 | |a Donación Buena Prensa, 1 ejemplar (noviembre 2016) | ||
| 037 | |a Acervo Xavier Clavigero | ||
| 041 | |a ESP | ||
| 082 | |a 101. |b DEW | ||
| 100 | |a Dewey, John |e (autor) | ||
| 245 | 1 | 3 | |a La reconstrucción de la filosofía / |c J. Dewey ; tr. por Amando Lázaro Ríos. |
| 264 | 4 | |a Barcelona, España : |b Planeta DeAgostini, |c 1993, c1993 | |
| 300 | |a 220 p. | ||
| 336 | |a texto |b txt |2 rdacontenido | ||
| 337 | |a sin mediación |b n |2 rdamedio | ||
| 338 | |a volumen |b nc |2 rdasoporte | ||
| 440 | 1 | |a (Obras Maestras del Pensamiento Contemporáneo ; |v 49) | |
| 500 | |a Traducción de: Reconstruction in Phylosophy | ||
| 520 | |a Escrito al terminar la Primera Guerra Mundial, John Dewey se plantea en este libro reconstruir la filosofía puesto que los problemas filosóficos van de la mano con los cambios sociales. Para ello, dice, es necesario quitarle los prejuicios metafísicos y epistemológicos que la falsean, desde una postura empirista naturalista y epistemológica acorde con las actividades humanas prácticas. | ||
| 649 | |a XX | ||
| 650 | |a Empirismo | ||
| 650 | |a Epistemología - |x Tema Principal | ||
| 650 | |a Filosofía del Conocimiento | ||
| 650 | |a Filosofía de la Naturaleza - |x Tema Principal | ||
| 650 | |a Filosofía - |x Teoría | ||
| 650 | |a Filosofía - |x Historia y Crítica - |x Tema Principal | ||
| 650 | |a Filosofía del Siglo XX | ||
| 650 | |a Filosofía Norteamericana | ||
| 910 | |a Fondo General | ||
| 920 | |a Impresos - Libros | ||
| 930 | |a Colección General | ||
| 905 | |a 101 | ||
| 901 | |a 0500288638 |b IT1 |c ACC |i FXC D |u 20250521 | ||
| 902 | |a https://opac.biblio.iteso.mx/vufind/Record/000393809 | ||